| 000 | 00504nam a2200181Ia 4500 | ||
|---|---|---|---|
| 003 | GCL | ||
| 008 | 140319s9999 xx 000 0 eng d | ||
| 040 |
_aGCL / _cGCL |
||
| 082 | 0 | 4 |
_a193 _bH A |
| 100 | 1 | _aHENRICH, DIETER | |
| 245 | 1 | 0 |
_aAESTHETIC JUDGEMENT AND THE MORAL IMAGE OF THE WORLD / _cHENRICH, DIETER |
| 260 |
_a[S.N] : _bSTANFORD UNIVERSITY PRESS ، _c1992 |
||
| 300 | _a99 P | ||
| 650 | 0 | 4 | _aPHILOSOPHY |
| 650 | 0 | 4 | _aKANT, I.(1724 - 1804) |
| 650 | 0 | 4 | _aGERMAN PHILOSOPHY |
| 942 |
_2ddc _cBK |
||
| 999 |
_c11597 _d11597 |
||